000 00430nam a22001577a 4500
003 OSt
005 20230320090313.0
008 180827b ||||| |||| 00| 0 eng d
040 _aMMU
_cMMU
_dMMU
_beng
050 0 0 _aFIC PZ 3 .D746 1935
100 1 _aDouglas, Lloyd C.
245 1 0 _aGreen light/
_cLloydc Douglas.
260 _aBoston and New York :
_bHoughton Mifflin company,
_c1935.
300 _a284 p. :
942 _2lcc
_cFICTION
999 _c30828
_d30827